000 00773nam a2200289Ia 4500
005 20260324122454.0
008 008 260324s9999 xx 000 0 eng d
020 _a9781003513346
037 _aEBOOK
040 _aCRL
040 _beng
040 _cCRL
041 _2eng
041 _aeng
084 _qCRL
100 _aAnjna Chouhan; Tetsuo Kishi; Katharine Cockin
_91166580
245 0 _aLives of Shakespearian Actors, Part V, Volume 1
245 0 _bHerbert Beerbohm Tree, Henry Irving and Ellen Terry by their Contemporaries
260 _bTaylor and Francis
260 _c2013
365 _a
365 _b195
856 _uhttp://www.taylorfrancis.com/books/9781003513346
942 _cEBOOK
999 _c1759355
_d1759355